| 000 | 00487 a2200193 4500 | ||
|---|---|---|---|
| 005 | 20260313123613.0 | ||
| 008 | 260313b |||||||| |||| 00| 0 eng d | ||
| 020 |
_a9789364559232 _cRs. 795.00 |
||
| 040 | _aMAIN | ||
| 082 |
_a346.015 _bD537F |
||
| 100 | _aDhingra Rajni malhotra | ||
| 245 | _aFamily law–II | ||
| 260 |
_bTaxmann Publications _c2025 _aNew Delhi |
||
| 300 | _av. | ||
| 650 | _aLaw | ||
| 650 | _aFamily Law | ||
| 700 | _aBhatia. Nidhi Mutreja | ||
| 942 | _cBK | ||
| 999 |
_c396354 _d396354 |
||